banner koha

Ensaio biomecânico para determinação do diâmetro de barra conectora de polimetilmetacrilato em fixador esquelético externo tipo Ia no úmero de suínos (Registro n. 301128)

MARC details
000 -LÍDER
fixed length control field 04092nab a2200361 i 4500
003 - CÓDIGO MARC DA AGÊNCIA CATALOGADORA
Campo de controle BR-BrBNA
005 - DATA E HORA DA ÚLTIMA ATUALIZAÇÃO
Campo de controle 20240905121824.0
008 - CAMPO DE TAMANHO FIXO
fixed length control field 240905b2018 bl.|r|pooa||| 00| 0 por |
040 ## - FONTE DA CATALOGAÇÃO
Agência catalogadora BR-BrBNA
Idioma da catalogação por
072 ## - CATEGORIA AGRIS
Código AGRIS L74
Código do objeto 5300
072 ## - CATEGORIA AGRIS
Código AGRIS L70
100 ## - ENTRADA PRINCIPAL - NOME PESSOAL
Nome pessoal Schmitt, B.
100 ## - ENTRADA PRINCIPAL - NOME PESSOAL
Nome pessoal Serafini, G.M.C.
100 ## - ENTRADA PRINCIPAL - NOME PESSOAL
Nome pessoal Libardoni, R.N.
100 ## - ENTRADA PRINCIPAL - NOME PESSOAL
Nome pessoal Souza, F.W.
100 ## - ENTRADA PRINCIPAL - NOME PESSOAL
Nome pessoal Feranti, J.P.S.
100 ## - ENTRADA PRINCIPAL - NOME PESSOAL
Nome pessoal Cauduro, C.R.
100 ## - ENTRADA PRINCIPAL - NOME PESSOAL
Nome pessoal Amaral, A.S.
100 ## - ENTRADA PRINCIPAL - NOME PESSOAL
Nome pessoal Brun, M.V.
245 ## - TÍTULO PRINCIPAL
Título principal Ensaio biomecânico para determinação do diâmetro de barra conectora de polimetilmetacrilato em fixador esquelético externo tipo Ia no úmero de suínos
500 ## - NOTA GERAL
Nota geral Publicação online; 26 ref.; 4 illus.; Summaries (En, Pt)
942 ## - ADDED ENTRY ELEMENTS (KOHA)
Koha item type
520 ## - NOTA DE RESUMO
Nota de conteúdo <br/><br/>RESUMO - Fraturas ósseas podem ser corrigidas com a utilização de fixadores esqueléticos externos (FEE), método de estabilização bastante comum. Para tanto, têm-se utilizado barras conectoras de polimetilmetacrilato (PMMA) sem critério de diâmetro, as quais podem quebrar, se ficarem muito delgadas, ou ocasionar incômodo, quando muito pesadas e volumosas. O objetivo deste trabalho foi testar, por meio de ensaio biomecânico de compressão axial e flexão, qual é o diâmetro ideal da barra conectora de PMMA, correlacionado com o diâmetro ósseo para utilização em FEE tipo Ia. Utilizaram-se 24 úmeros para se realizarem medidas de comprimento, diâmetro, circunferência e ensaios biomecânicos. Após, foram confeccionadas barras de 1,5 vezes a média do diâmetro ósseo (grupo I), do mesmo diâmetro ósseo (grupo II) e de 0,5 vezes o diâmetro (grupo III). Com os resultados obtidos ao se compararem os valores dos ossos com os dos grupos II e III, verificou-se que as barras conectoras do grupo II mostraram-se mais resistentes do que o tecido ósseo no ensaio de compressão. No ensaio de flexão, os ossos resistiram mais quando comparados aos grupos II e III, sendo 4,3 vezes mais resistentes do que o grupo III nesse mesmo ensaio mecânico. Os resultados permitem um direcionamento para confecção de barras considerando-se o diâmetro ósseo como referência.<br/><br/><br/>Palavras-chave: suínos, resina acrílica, resistência, compressão axial, flexão
520 ## - NOTA DE RESUMO
Nota de conteúdo <br/><br/>ABSTRACT - Bone fractures can be corrected from external skeletal fixators (ESF) in a fairly common internal stabilization method, in which connector bars polymethylmethacrylate (PMMA) is used. PMMA is used without criterion of diameter, and it can break if it is too thin or too heavy. It can be uncomfortable when bulky. The aim of this study was to test, through biomechanical axial compression and bending which is the ideal connector bar diameter PMMA, correlated to bone diameter for use in type Ia ESF. Twenty-four humerus were used to make measurements of length, diameter, circumference, and biomechanical testing. After the bars confected with 1.5 times the average diameter of the bone (group I), the same diameter (group II) and 0.5 times the diameter of the bone (group III). With the obtained results, using GII and GIII results, it was observed that the connector bars in group II were more resistant than the bones in the compression test. In the bending test, the bones resisted flexion strength when compared to group III and the group II was 4.3 times more resistant than group III in the same mechanical test. The results allow a direction for making bars considering bone diameter as a reference.<br/><br/><br/>Keywords: swine acrylic resin, resistance, axial compression, bending
650 ## - ASSUNTO - THESAGRO
Cabeçalho tópico ou nome geográfico SUÍNO
650 ## - ASSUNTO - THESAGRO
Cabeçalho tópico ou nome geográfico OSSO
650 ## - ASSUNTO - THESAGRO
Cabeçalho tópico ou nome geográfico FRATURA
650 ## - ASSUNTO - THESAGRO
Cabeçalho tópico ou nome geográfico DISTÚRBIO FISIOLÓGICO
650 ## - ASSUNTO - THESAGRO
Cabeçalho tópico ou nome geográfico VETERINÁRIA
773 0# - ENTRADA ANALÍTICA
Host Biblionumber 1643
Registro do item 317735
Imprenta Belo Horizonte-MG Universidade Federal de Minas Gerais - Escola de Veterinaria 1983
Outro identificador 2024-4450
Título Arquivo Brasileiro de Medicina Veterinária e Zootecnia (Brazil)
ISSN 0102-0935
Colação v. 70(3) p. 779-786; (2018)
Número de controle de registro BR2024002464
856 ## - ACESSO E ENDEREÇO ELETRÔNICO
Identificador uniforme de recurso - URI https://www.scielo.br/j/abmvz/a/qPTgbz8PWdYkRdS6PJkzLkz/?format=pdf&lang=pt

Nenhum exemplar disponível.

BINAGRI

Telefone: (61)3218-2567/2388/3357/2097 - binagri@agro.gov.br

Ministério da Agricultura e Pecuária , Esplanada dos Ministérios, Bloco D, Anexo B, Brasília/DF, CEP: 70.043-900